Statystyki dla Państwa wyznaniowe

Kliknij tutaj aby rozwiązać quiz!

Ogólne statystyki

  • Ten quiz został rozwiązany 81 razy
  • Średni wynik to 14 z 40

Statystyki odpowiedzi

ReligiaKontynentPaństwo% Poprawnych
AnglikanizmEuropaAnglia
73%
IslamAzjaArabia Saudyjska
73%
IslamAzjaIrak
66%
SzyizmAzjaIran
65%
IslamAzjaAfganistan
55%
KatolicyzmEuropaWatykan
55%
IslamAfrykaAlgieria
52%
IslamAzjaEgipt
52%
IslamAzjaPakistan
52%
IslamAzjaKatar
48%
Sunnizm i szyizmAzjaKuwejt
48%
IslamAzjaOman
47%
Sunnizm i szyizmAzjaJemen
45%
IslamAzjaJordania
44%
IslamAfrykaMaroko
40%
IslamAfrykaTunezja
39%
LuteranizmEuropaDania
37%
PrawosławieEuropaGrecja
37%
Sunnizm i szyizmAzjaBahrajn
35%
IslamAfrykaLibia
35%
IslamAzjaZjednoczone Emiraty Arabskie
32%
IslamAfrykaMauretania
31%
BuddyzmAzjaBhutan
29%
KatolicyzmEuropaSan Marino
29%
LuteranizmEuropaNorwegia
27%
KatolicyzmEuropaMalta
24%
IslamAfrykaSomalia
24%
IslamAzjaBrunei
23%
PrawosławieAzjaGruzja
23%
IslamAzjaMalezja
19%
KatolicyzmEuropaLiechtenstein
18%
KatolicyzmEuropaMonako
18%
IslamAfrykaDżibuti
15%
LuteranizmEuropaIslandia
15%
BuddyzmAzjaKambodża
13%
IslamAzjaMalediwy
13%
KatolicyzmAmeryka ŚrodkowaKostaryka
10%
MetodyzmOceaniaTonga
10%
KalwinizmOceaniaTuvalu
10%
ChrześcijaństwoAfrykaZambia
5%

Rozkład punktacji

Percentyl według liczby udzielonych odpowiedzi

Procent ludzi z każdym wynikiem

Twoja historia wyników

Nie rozwiązałeś tego quizu